000 00658nam a2200229Ia 4500
005 20250508164503.0
008 008 250505s9999 xx 000 0 eng d
037 _aTextual
040 _aFEDL
_beng
_cFEDL
041 _aeng
_2eng
084 _a320.4, NAT
_qFEDL
100 _aMuley D S
_9778276
245 0 _aOur civic life: A textbook of civics for class 6th
245 0 _cNCERT
260 _aNew Delhi, India
_bNational Council of Educational Research and Training
_c1987
300 _a52p.
365 _aINR
_b6.5
546 _aMACESE
700 _a Sharma A C
_9778277
942 _cTEXL
_h320.4, NAT
999 _c1389377
_d1389377